000 00458nam a2200109Ia 4500
008 171204s9999 xx 000 0 und d
245 _aMake Your Movie, How to Create Cinematic Quality Video with almost No Cost: Cinematography Books, Camera Techniques, DSLR Videography, Video Editing Software, Movie Making Book
245 _cSimon Levi
260 _c2016
650 _xVIDEO PRODUCTION AND DIRECTION
856 _uhttp://down.ebook777.com/029/B01LW47YNC.pdf
999 _c346208
_d346208